Представление документа в формате RUSMARC

ПолеНазваниеЗначение
  Тип записи a
  Библиографический уровень m
001 Контрольный номер RU/IS/BASE/556303618
005 Дата корректировки 20201206205101.3
010 Индекс ISBN __
a ISBN 978-5-9567-2265-7 (в пер.)
d Цена 440-09
100 Данные общей обработки __
a Данные общей обработки 19170817d2017||||||| 0rusy0189 ca
101 Язык документа 0_
a Язык текста rus
102 Страна публикации __
a Страна публикации ru|
105 Кодированные данные (монография) __
a Кодированные данные (монография) ao||e|||000zy
200 Заглавие и сведения об ответственности 1_
a Заглавие Эта удивительная военная техника России
e Сведения, относящиеся к заглавию детская энциклопедия
f Первые сведения об ответственности [редакторы: Феданова Ю., Скиба Т.]
b Общее обозначение материала Текст
210 Выходные данные __
a Место издания Ростов-на-Дону
c Издательство Владис
d Дата издания 2017
215 Физическое описание __
a Объем 64 с.
c Иллюстрации/тип воспроизводства ил., фот.
d Формат 30 см
225 Серия __
a Серия Эти удивительные
300 Общие примечания __
a Общие примечания 2500 экз.
330 Аннотация __
a Аннотация Отправляйся вместе с нами в увлекательное путешествие во времени и узнай, какое оружие называли единорогом, почему бронепоезда были почти неуязвимы для врага и кто изобрёл первый русский танк. На страницах нашей книги ты узнаешь о легендарном танке Победы "Т-34", знаменитой "Катюше", великих сражениях Второй мировой войны, а также о самых современных российских боевых машинах, танках и ракетных комплексах. Вперёд, к новым знаниям!
606 Тематические рубрики __
a Основная рубрика Военное дело
606 Тематические рубрики __
a Основная рубрика Военная техника в целом
y Географическая подрубрика Российская Федерация
y Географическая подрубрика Россия
y Географическая подрубрика РФ
610 Ключевые слова __
a Ключевые слова артиллерийские установки
a Ключевые слова артиллерия
a Ключевые слова баллистические ракеты
a Ключевые слова береговые орудия
a Ключевые слова боевые машины
a Ключевые слова бронепоезда
a Ключевые слова бронетранспортеры
a Ключевые слова военная техника
a Ключевые слова вооружение
a Ключевые слова детская литература
a Ключевые слова зенитные ракетные комплексы
a Ключевые слова зенитные самоходные установки
a Ключевые слова история танков
a Ключевые слова машины инженерных войск
a Ключевые слова огнеметные танки
a Ключевые слова осадные орудия
a Ключевые слова плавающие танки
a Ключевые слова познавательная литература
a Ключевые слова противотанковая техника
a Ключевые слова реактивные системы
a Ключевые слова самоходные артиллерийские установки
a Ключевые слова танки
a Ключевые слова танковые сражения
686 Индексы других классификаций __
2 Код системы rubbks
a Классификационный индекс мл68я2
702 Вторичная интеллектуальная ответственность _1
a Фамилия Феданова
b Имя Ю.
4 Код отношения Редактор
4 Код отношения 340
702 Вторичная интеллектуальная ответственность _1
a Фамилия Скиба
b Имя Т.
4 Код отношения Редактор
4 Код отношения 340
801 Источник записи _0
a Страна ru
b Организация Муниципальное бюджетное учреждение культуры "Централизованная библиотечная система" г. Сургут (Центральная городская библиотека им. А. С. Пушкина)
c Дата составления 20170817
g Правила каталогизации RCR
801 Источник записи _1
a Страна ru
b Организация Муниципальное бюджетное учреждение культуры "Централизованная библиотечная система" г. Сургут (Центральная городская библиотека им. А. С. Пушкина)
c Дата составления 20170817
g Правила каталогизации RCR
852 Данные о местонахождении __
j Шифр хранения мл68я2
i Авторский знак Э 89
901 Тип документа __
t Тип документа m
a Ответственный КиК/Лукашук
903 Характеристики (МАРС) __
a Дата передачи 20170817
969 Тип издания __
a Тип издания энциклопедия; издание для детей
990 Данные о заказе (DOS) __
j Количество экземпляров (DOS) 9
t N записи в КСУ для И/У (DOS) 201708